<?xml version="1.0" encoding="UTF-8"?>
<record
    xmlns:xsi="http://www.w3.org/2001/XMLSchema-instance"
    xsi:schemaLocation="http://www.loc.gov/MARC21/slim http://www.loc.gov/standards/marcxml/schema/MARC21slim.xsd"
    xmlns="http://www.loc.gov/MARC21/slim">

  <leader>01000njm a22002417a 4500</leader>
  <controlfield tag="005">20100831135911.0</controlfield>
  <controlfield tag="006">a|||||r|||||00| 0 </controlfield>
  <controlfield tag="007">sd ammalaaahaa</controlfield>
  <controlfield tag="008">100831t        xxu||||| |||| 00| 0 eng d</controlfield>
  <datafield tag="028" ind1=" " ind2=" ">
    <subfield code="a">N.88115</subfield>
    <subfield code="b">His Master's Voice</subfield>
  </datafield>
  <datafield tag="035" ind1=" " ind2=" ">
    <subfield code="a">GR-133</subfield>
  </datafield>
  <datafield tag="040" ind1=" " ind2=" ">
    <subfield code="a">SED</subfield>
    <subfield code="c">SED</subfield>
  </datafield>
  <datafield tag="100" ind1=" " ind2=" ">
    <subfield code="a">Mukesh</subfield>
    <subfield code="9">17690</subfield>
  </datafield>
  <datafield tag="245" ind1=" " ind2=" ">
    <subfield code="a">Pitu Matu Sahayak Swami Sakha /</subfield>
    <subfield code="c">Sung by Mukesh</subfield>
    <subfield code="h">[Sound Recording] :</subfield>
  </datafield>
  <datafield tag="246" ind1=" " ind2=" ">
    <subfield code="a">&#x92A;&#x93F;&#x924;&#x941;  &#x92E;&#x93E;&#x924;&#x941;  &#x938;&#x939;&#x93E;&#x92F;&#x915;  &#x938;&#x94D;&#x935;&#x93E;&#x92E;&#x940;  &#x938;&#x916;&#x93E; / &#x92E;&#x941;&#x915;&#x947;&#x936; </subfield>
  </datafield>
  <datafield tag="260" ind1=" " ind2=" ">
    <subfield code="a">Dum Dum India</subfield>
    <subfield code="b">His Master's Voice</subfield>
  </datafield>
  <datafield tag="300" ind1=" " ind2=" ">
    <subfield code="a">1 sound disc (Gramophone Recording)</subfield>
    <subfield code="b">analog, 33 1/3 rpm</subfield>
    <subfield code="c">9.5 in. (MP)</subfield>
    <subfield code="f">Gramophone Record</subfield>
  </datafield>
  <datafield tag="500" ind1=" " ind2=" ">
    <subfield code="a">Brief Record</subfield>
  </datafield>
  <datafield tag="505" ind1=" " ind2=" ">
    <subfield code="a">Side-2 &#x938;&#x942;&#x930;  &#x915;&#x94B;  &#x917;&#x940;&#x924;  &#x92E;&#x948;&#x902;  &#x915;&#x94D;&#x92F;&#x93E;  &#x91C;&#x93E;&#x928;&#x942;  (Soor Ko Geet Main Kya Jaanu) (Mukesh)</subfield>
  </datafield>
  <datafield tag="650" ind1=" " ind2=" ">
    <subfield code="a">Hindustani Classical Music</subfield>
    <subfield code="x">Excerpts</subfield>
    <subfield code="z">India</subfield>
    <subfield code="9">17691</subfield>
  </datafield>
  <datafield tag="942" ind1=" " ind2=" ">
    <subfield code="2">ddc</subfield>
    <subfield code="c">GR</subfield>
  </datafield>
  <datafield tag="999" ind1=" " ind2=" ">
    <subfield code="c">43234</subfield>
    <subfield code="d">43234</subfield>
  </datafield>
  <datafield tag="952" ind1=" " ind2=" ">
    <subfield code="0">0</subfield>
    <subfield code="1">0</subfield>
    <subfield code="2">ddc</subfield>
    <subfield code="4">0</subfield>
    <subfield code="7">1</subfield>
    <subfield code="a">L</subfield>
    <subfield code="b">L</subfield>
    <subfield code="d">2010-08-31</subfield>
    <subfield code="e">SED/VEN</subfield>
    <subfield code="l">0</subfield>
    <subfield code="p">GR-133</subfield>
    <subfield code="r">2010-08-31 00:00:00</subfield>
    <subfield code="t">1</subfield>
    <subfield code="w">2010-08-31</subfield>
    <subfield code="y">GR</subfield>
  </datafield>
</record>
